00803cam a22002534a 45000010009000000050017000090080041000260100017000670200015000840400018000990410008001170420008001250800017001330820021001501000007001711010008001782450083001862460036002695040054003059060045003599420012004049990017004169520116004331189317920180119084334.0000119s2000 nyu b 000 0 eng  a 00024911  a1883001994 aDLCcDLCdDLC aeng apcc a371.201 tod00a371.201 tod2211 a46 aedu10aMotivating and inspiring teachers :cTodd Whitaker, Beth Whitaker, Dale Lumpa.14aMotivating & inspiring teachers aIncludes bibliographical references (p. 237-241). a7bcbccorignewd1eocipf20gy-gencatlg 2ddccBK c40610d40610 00102udc40708PËKGa002b002cPËKGd2018-01-19l0o371.201 todp002-2995979r2018-01-19w2018-01-19yBK